Taylor Swift 20 - Statistics

General Stats
  • This quiz has been taken 14 times
    8 since last reset
  • The average score is 303 of 333
Answer Stats
Answer % Correct
a
100%
all
100%
always
100%
at
100%
be
100%
'cause
100%
day
100%
dream
100%
everybody
100%
for
100%
from
100%
get
100%
got
100%
hell
100%
hi
100%
I
100%
I'll
100%
I'm
100%
in
100%
is
100%
it
100%
it's
100%
its
100%
I've
100%
just
100%
left
100%
like
100%
me
100%
must
100%
my
100%
never
100%
not
100%
of
100%
old
100%
on
100%
one
100%
out
100%
people
100%
problem
100%
she
100%
she's
100%
some
100%
someone
100%
stand
100%
tea
100%
the
100%
them
100%
then
100%
there
100%
they
100%
thing
100%
thinks
100%
this
100%
time
100%
to
100%
too
100%
up
100%
us
100%
watch
100%
when
100%
will
100%
with
100%
you
100%
your
100%
you're
100%
afternoons
83%
agrees
83%
and
83%
anti-hero
83%
as
83%
become
83%
but
83%
daughter-in-law
83%
depression
83%
did
83%
directly
83%
dreaming
83%
end
83%
exhausting
83%
have
83%
hear
83%
kills
83%
last
83%
laughing
83%
leaving
83%
midnights
83%
mirror
83%
money
83%
older
83%
screaming
83%
screams
83%
shift
83%
should
83%
sun
83%
tired
83%
wake
83%
where
83%
wiser
83%
baby
67%
big
67%
come
67%
crisis
67%
devices
67%
family
67%
feel
67%
gathers
67%
ghosted
67%
graveyard
67%
heart
67%
hill
67%
killed
67%
kind
67%
life
67%
monster
67%
own
67%
prices
67%
reads
67%
room
67%
rooting
67%
'round
67%
scheming
67%
sexy
67%
stare
67%
tale
67%
through
67%
vices
67%
works
67%
altruism
50%
city
50%
congressman
50%
covert
50%
disguised
50%
favorite
50%
hang
50%
lose
50%
lurching
50%
meaning
50%
narcissism
50%
pierced
50%
slowly
50%
sometimes
50%
toward
50%
No matching quizzes found
Score Distribution
Percent of People with Each Score
Percentile by Number Answered
Your Score History
You have not taken this quiz since the last reset